Man in the Primitive World : (Record no. 7441)
[ view plain ]
| 000 -LEADER | |
|---|---|
| fixed length control field | 00658nam a2200241 a 4500 |
| 001 - CONTROL NUMBER | |
| JCCL Control Number | 7441 |
| 003 - CONTROL NUMBER IDENTIFIER | |
| JCCL marc code | BD-JhCC |
| 005 - DATE AND TIME OF LATEST TRANSACTION | |
| control field | 20180210171428.0 |
| 008 - FIXED-LENGTH DATA ELEMENTS--GENERAL INFORMATION | |
| fixed length control field | 180210b1967 e a|||| ||a| 000 0 eng d |
| 035 ## - SYSTEM CONTROL NUMBER | |
| system control number | (BD-JhCC) 7441 |
| 040 ## - CATALOGING SOURCE | |
| Original cataloging agency | BD-JhCC |
| Modifying agency | BD-JhCC |
| 041 ## - LANGUAGE CODE | |
| Language code of Book | eng |
| 082 ## - DEWEY DECIMAL CLASSIFICATION NUMBER | |
| Classification number | 573.3 |
| Author mark and Year | HOE 1958 |
| 100 ## - MAIN ENTRY--PERSONAL NAME | |
| Personal name | Hoebel, E. Adamson |
| 245 ## - TITLE STATEMENT | |
| Title | Man in the Primitive World : |
| Remainder of title | an introduction to anthropology / |
| Statement of responsibility, etc | E. Adamson Hoebel |
| 250 ## - EDITION STATEMENT | |
| Edition statement | 2nd ed. |
| 260 ## - PUBLICATION, DISTRIBUTION, ETC. (IMPRINT) | |
| Place of publication, distribution, etc | London : |
| Name of publisher, distributor, etc | McGRAW-HILL BOOK COMPANY, INC, |
| Date of publication, distribution, etc | 1958. |
| 300 ## - PHYSICAL DESCRIPTION | |
| Pagination | 678 P. : |
| Dimensions | 23 CM . |
| 650 ## - SUBJECT ADDED ENTRY--TOPICAL TERM | |
| Topical term or geographic name as entry element | Primitive Societies |
| 650 ## - SUBJECT ADDED ENTRY--TOPICAL TERM | |
| Topical term or geographic name as entry element | Anthropology |
| 942 ## - ADDED ENTRY ELEMENTS (KOHA) | |
| Source of classification or shelving scheme | Dewey Decimal Classification |
| Koha item type | Books |
| Source of classification or shelving scheme | Damaged status | Not for loan | Home library | Current library | Shelving location | Date of accession | Total Checkouts | Full call number | Barcode | Date last seen | Copy number | Koha item type |
|---|---|---|---|---|---|---|---|---|---|---|---|---|
| Dewey Decimal Classification | JCC Rouf Library | JCC Rouf Library | General Stacks | 02/10/2018 | 573.3 HOE 1958 | 9437 | 02/10/2018 | C - 1 | Books |